The world today on stage (Record no. 17972)

MARC details
000 -LEADER
campo de control de longitud fija 00816am a2200301a 44500
003 - IDENTIFICADOR DE NÚMERO DE CONTROL
campo de control AR-BaBNM
005 - FECHA Y HORA DE LA ÚLTIMA TRANSACCIÓN
campo de control 20251128211031.0
008 - DATOS DE LONGITUD FIJA--INFORMACIÓN GENERAL
campo de control de longitud fija 242020s2002 #AR|||||||||||000 | ing||
020 ## - NÚMERO INTERNACIONAL ESTÁNDAR DEL LIBRO
Número Internacional Estándar del Libro 987-9460-39-1
040 ## - FUENTE DE CATALOGACIÓN
Centro/agencia transcriptor AR-BaBNM
100 1# - ENTRADA PRINCIPAL--NOMBRE DE PERSONA
Nombre de persona Rabinovich, Pupi
245 10 - MENCIÓN DEL TÍTULO
Título The world today on stage
Resto del título elementary
250 ## - MENCION DE EDICION
Mención de edición 1ª ed.
260 ## - PUBLICACIÓN, DISTRIBUCIÓN, ETC.
Lugar de publicación, distribución, etc. Buenos Aires
Nombre del editor, distribuidor, etc. Longman
Fecha de publicación, distribución, etc. 2002
300 ## - DESCRIPCIÓN FÍSICA
Extensión 48 p.
Otros detalles físicos il., tablas
504 ## - NOTA DE BIBLIOGRAFÍA, ETC.
Nota de bibliografía, etc. Nota Contiene referencias bibliográficas y sitios web consultados p. 48
650 #4 - PUNTO DE ACCESO ADICIONAL DE MATERIA--TÉRMINO DE MATERIA
Término de materia o nombre geográfico como elemento de entrada ENSEÑANZA DE IDIOMAS
650 #4 - PUNTO DE ACCESO ADICIONAL DE MATERIA--TÉRMINO DE MATERIA
Término de materia o nombre geográfico como elemento de entrada INGLES
650 #4 - PUNTO DE ACCESO ADICIONAL DE MATERIA--TÉRMINO DE MATERIA
Término de materia o nombre geográfico como elemento de entrada ADOLESCENTES
650 #4 - PUNTO DE ACCESO ADICIONAL DE MATERIA--TÉRMINO DE MATERIA
Término de materia o nombre geográfico como elemento de entrada ADULTOS
650 #4 - PUNTO DE ACCESO ADICIONAL DE MATERIA--TÉRMINO DE MATERIA
Término de materia o nombre geográfico como elemento de entrada ACTIVIDADES DE APRENDIZAJE
653 ## - TÉRMINO DE INDIZACIÓN--NO CONTROLADO
Término no controlado EDUCACION POLIMODAL
700 1# - ENTRADA AGREGADA--NOMBRE PERSONAL
Nombre de persona Harris, Michael
700 1# - ENTRADA AGREGADA--NOMBRE PERSONAL
Nombre de persona Mower, David
700 1# - ENTRADA AGREGADA--NOMBRE PERSONAL
Nombre de persona Sikorzynska, Anna
942 ## - ELEMENTOS DE ENTRADA SECUNDARIOS (KOHA)
Tipo de ítem Koha Libros
998 ## - INFORMACIÓN DE CONTROL LOCAL (RLIN)
Iniciales del catalogador, CIN (RLIN) raquel
Holdings
Estatus retirado Estado de pérdida Fuente de la clasificación o esquema de estantería Estado de daño Restricciones de uso No para préstamo Biblioteca de origen Biblioteca actual Fecha de adquisición Total de préstamos Signatura topográfica completa Código de barras Visto por última vez Precio de reemplazo Tipo de ítem Koha
    Clasificación Decimal Dewey   Acceso restringido No para préstamo Liberty Liberty 28/11/2025   802[0.062] THE 129749 28/11/2025 28/11/2025 Libros